¿Para qué sirven las elecciones? /

Salvato in:
Dettagli Bibliografici
Autore principale: Hermet, Guy (autor)
Altri autori: Rouquié, Alain (autor) (autor), Linz, Juan J. (autor) (autor)
Natura: Libro
Lingua:spagnolo
Pubblicazione: México : Fondo de Cultura Económica, 1986, c1986
Tags: Aggiungi Tag
Nessun Tag, puoi essere il primo ad aggiungerne!!

MARC

LEADER 00000nam^a2200000^a^4500
001 000562868
005 20250521000000.0
009 20260310131954.08
020 |a 968-16-1079-2 
037 |a Acervo ITESO - Biblioteca 
041 |a ESP 
091 |a FGM. 01865 
100 |a Hermet, Guy  |e (autor) 
245 1 0 |a ¿Para qué sirven las elecciones? / 
264 4 |a México :  |b Fondo de Cultura Económica,  |c 1986, c1986 
300 |a 160 p. 
336 |a texto  |b txt  |2 rdacontenido 
337 |a sin mediación  |b n  |2 rdamedio 
338 |a volumen  |b nc  |2 rdasoporte 
649 |a XX 
700 |a Rouquié, Alain  |e (autor) 
700 |a Linz, Juan J.  |e (autor) 
910 |a Fondo Efraín González Morfín 
920 |a Impresos - Libros 
930 |a Fondos Especiales 
905 |a 130 
901 |a 0500386511  |b IT2  |c ESL  |i D90450  |u 20250521 
902 |a https://opac.biblio.iteso.mx/vufind/Record/000562868